|
|
|
|
| LEADER |
00000nam0a2200000 4500 |
| 001 |
291794 |
| 005 |
20231102000427.0 |
| 010 |
|
|
|a 9785222251379
|
| 035 |
|
|
|a (RuTPU)RU\TPU\book\316383
|
| 090 |
|
|
|a 291794
|
| 100 |
|
|
|a 20150417d2015 m y0rusy50 ca
|
| 101 |
0 |
|
|a rus
|
| 102 |
|
|
|a RU
|
| 105 |
|
|
|a a j 001zy
|
| 200 |
1 |
|
|a Теория организации
|e учебное пособие для вузов
|f И. Л. Симоненко
|
| 210 |
|
|
|a Ростов-на-Дону
|c Феникс
|d 2015
|
| 215 |
|
|
|a 271 с.
|c ил.
|
| 225 |
1 |
|
|a Высшее образование
|
| 320 |
|
|
|a Библиогр.: с. 270-271.
|
| 330 |
|
|
|a Учебное пособие «Теория организации» построено в соответствии с требованиями Государственного стандарта по высшему образованию по направлению подготовки 080200 «Менеджмент», квалификация (степень) «бакалавр».В предлагаемом варианте лекционного материала рассматриваются темы и вопросы, ориентированные на изучение организации, прежде всего с точки зрения ее внутреннего строения, морфологии, структуры, что составляет, по мнению автора, главное содержание предмета теории организации как одной из отраслей научного менеджмента. Пособие предназначено для студентов вузов, аспирантов и преподавателей вузов, а также слушателей в рамках корпоративных систем обучения сотрудников.
|
| 606 |
1 |
|
|a Теория организации
|2 stltpush
|3 (RuTPU)RU\TPU\subj\67710
|9 83402
|
| 610 |
1 |
|
|a организации
|
| 610 |
1 |
|
|a организационные системы
|
| 610 |
1 |
|
|a управление
|
| 610 |
1 |
|
|a законы
|
| 610 |
1 |
|
|a принципы
|
| 610 |
1 |
|
|a проектирование
|
| 610 |
1 |
|
|a организационная культура
|
| 610 |
1 |
|
|a организационная мысль
|
| 610 |
1 |
|
|a управленческая мысль
|
| 610 |
1 |
|
|a практикумы
|
| 610 |
1 |
|
|a тесты
|
| 610 |
1 |
|
|a кейсы
|
| 610 |
1 |
|
|a учебные пособия
|
| 686 |
|
|
|a У9(2)29я73
|v LBC/SL-A
|2 rubbk
|
| 700 |
|
1 |
|a Симоненко
|b И. Л.
|g Игорь Леонидович
|
| 801 |
|
1 |
|a RU
|b 63413507
|c 20150417
|
| 801 |
|
2 |
|a RU
|b 63413507
|c 20150513
|g RCR
|
| 900 |
|
|
|a Теория организации
|
| 942 |
|
|
|c BK
|
| 951 |
|
|
|l 8
|
| 959 |
|
|
|a 48/20150417
|d 3
|e 322,00
|f ЧЗГЛ:1
|f УФ:2
|